000 00362nam a2200145 a 4500
001 10124
005 20180713194155.0
008 140415s1970 000 0 spa d
041 _aspa
082 _a551.7
_bFIL
245 0 0 _aFILOSOFIA DE LA GEOLOGIA.
260 _a[s.l.] :
_bCECSA,
_c1970.
300 _a438.
650 1 4 _aGEOLOGIA
_xFILOSOFIA
999 _c10124
_d10124